Brawl Stars : Les 20 brawlers ayant le plus de vie dans le jeu - Statistiques

Statistiques générales
  • Ce quiz a été pris 841 fois
    275 depuis la dernière actualisation
  • Le résultat moyen est 11 sur 20
Statistiques - réponses
Nbr de PV Brawler % Correct
13400 Frank
94%
12600 EL Costo
90%
10000 Bull
83%
10000 Rosa
72%
11600 Meg
69%
10600 Darryl
67%
9600 Billie
62%
11000 Draco
60%
10400 Hank
56%
9400 Jacky
54%
9600 Buzz
53%
10000 ARKAD
49%
9600 Pam
48%
10000 Buster
47%
10000 Doug
45%
11200 Ollie
42%
10800 Ash
40%
10800 Sam
40%
10000 Trunk
39%
9600 Bonnie
28%
Aucun quiz correspondant
Distribution des résultats
% des personnes avec chaque résultat
Percentile par nombre de réponses
Votre historique - résultats
Vous n’avez pas pris ce quiz depuis la dernière actualisation